Biodiversidad : hongos :

Guardado en:
Formato: Libro
Publicado: Misiones : Fundación Bosques Nativos argentinos para la biodiversidad, 2012
Materias:
Etiquetas: Agregar Etiqueta
Sin Etiquetas, Sea el primero en etiquetar este registro!
LEADER 00861nam a22002055a 4500
001 CEM.cems018314
005 20140526131824.0
008 130507s2012##################000#0#####d
003 CEMS
082 0 4 |a FC574.5 
245 0 0 |a Biodiversidad :  |b hongos : 
260 |a Misiones :  |b Fundación Bosques Nativos argentinos para la biodiversidad,  |c 2012 
300 |a 16 p. 
505 0 |a Hongos nativos, entrevista a la Dra. Laura Villalba -- Hongos en la selva, entrevista al Lic. Emanuel Grassi -- Relevamiento de hongos nativos, Misiones zona centro, Argentina -- El CIAR, Centro de Investigaciones Antonia Ramos 
653 |a Biodiversidad 
653 |a Selva misionera 
653 |a Hongos 
653 |a Biotecnología 
859 |a CEMS  |b BIB. CEMS - Agricultura  |h FC574.5  |i B520  |p A0090.44  |t Ej.1  |v 5  |3 5 
859 |a CEMS  |b BIB. CEMS - Agricultura  |h FC574.5  |i B520  |p A0091.44  |t Ej.2  |v 5  |3 5